| 000 | 00624nam a22001695i 4500 | ||
|---|---|---|---|
| 001 | 151630 | ||
| 003 | ES-MaACL | ||
| 005 | 20230906204312.0 | ||
| 008 | 050704s1812 gw |||| | ger d | ||
| 040 |
_aCAM _bspa _cCAM |
||
| 245 | 0 | 0 |
_aAufsatze und Beobachtungen aus der gerichtlichen Arznenwissenschaft _b: Funfte Sammlung / _chearusgegeben von Johann Theodor Pyl. |
| 260 |
_aBerlin : _bin der Myliussischen Buchhandlung, _c1812. |
||
| 300 |
_a[8], 248 p. ; _c22 cm. |
||
| 597 | _aLetra gótica. | ||
| 700 | 1 |
_aPyl, Johann Theodor, _eed. lit. _9131442 |
|
| 852 |
_aES-MaACL _jR-811-16 _z-- Enc. hol. _xOlim: G-2632-37 |
||
| 999 |
_c151630 _d151630 |
||